El zoo de Joaquín /
Con un rallador de queso, un plumero y dos ramitas, un reloj despertador, unos cuantos cachivaches y mucha imaginación, Joaquín decide inventar diez animales a su medida. Si querés conocerlos, abrí las páginas del maravilloso Zoo de Joaquín.
Guardado en:
| Autor Principal: | |
|---|---|
| Formato: | Libro |
| Publicado: |
Buenos Aires :
La Brujita de Papel,
2013
|
| Materias: | |
| Etiquetas: |
Agregar Etiqueta
Sin Etiquetas, Sea el primero en etiquetar este registro!
|
| LEADER | 01100nam a22002535a 4500 | ||
|---|---|---|---|
| 001 | CEM.cems015377 | ||
| 008 | 130507s2013##################000#0#####d | ||
| 005 | 20240215110949.0 | ||
| 245 | 1 | 0 | |a El zoo de Joaquín / |c Pablo Bernasconi. |
| 260 | |a Buenos Aires : |b La Brujita de Papel, |c 2013 | ||
| 300 | |a 32 p. | ||
| 520 | |a Con un rallador de queso, un plumero y dos ramitas, un reloj despertador, unos cuantos cachivaches y mucha imaginación, Joaquín decide inventar diez animales a su medida. Si querés conocerlos, abrí las páginas del maravilloso Zoo de Joaquín. | ||
| 020 | |a 9789871337743 | ||
| 100 | 1 | |a Bernasconi, Pablo | |
| 082 | 0 | 4 | |a A868.4 |
| 653 | |a Literatura | ||
| 653 | |a Literatura argentina | ||
| 653 | |a Literatura infantil | ||
| 653 | |a Cuentos infantiles | ||
| 653 | |a Colección ciencias de la educación | ||
| 653 | |a Libro Álbum | ||
| 859 | |a CEMS |b BIB. CEMS - Inicial y Primaria |h A868.4 |i B431-3 |k IP |p 4111 |t Ej. 1 | ||
| 859 | |a CEMS |b BIB. CEMS - Ccias. Educacion |h A868.4 |i B431-1 |k CE |p 28675.19 |t Ej.1 | ||
| 859 | |a CEMS |b BIB. CEMS - Ccias. Educacion |h A868.4 |i B431-1 |k CE |p 28676.19 |t Ej.2 | ||
